Central Library OPAC University of Rajshahi

Sanjiva Row's Court-fees and suits valuation acts : (Record no. 71805)

MARC details
000 -LEADER
fixed length control field 00766nam a2200241 4500
001 - CONTROL NUMBER
control field 71805
003 - CONTROL NUMBER IDENTIFIER
rucl marc code BD-RjUL
005 - DATE AND TIME OF LATEST TRANSACTION
control field 20211209082150.0
008 - FIXED-LENGTH DATA ELEMENTS--GENERAL INFORMATION
fixed length control field 170508s1954 ii a b 001 0 eng d
035 ## - SYSTEM CONTROL NUMBER
System control number (BD-RjUL)72021
040 ## - CATALOGING SOURCE
Original cataloging agency DLC
Transcribing agency CarP
Modifying agency DLC
-- BD-RjUL
Language of cataloging eng
041 ## - LANGUAGE CODE
Language code of text/sound track or separate title eng
082 ## - DEWEY DECIMAL CLASSIFICATION NUMBER
Edition number 23
Classification number 347.54077
Author mark and year NAS 1954
100 ## - MAIN ENTRY--PERSONAL NAME
Personal name Nanyiha, A. K.
9 (RLIN) 212419
245 00 - TITLE STATEMENT
Title Sanjiva Row's Court-fees and suits valuation acts :
Remainder of title Act VII of 1870 & Act VII of 1887 /
Statement of responsibility, etc. A. K. Nanyiha
250 ## - EDITION STATEMENT
Edition statement 5th ed.
260 ## - PUBLICATION, DISTRIBUTION, ETC. (IMPRINT)
Place of publication, distribution, etc. Allahabad :
Name of publisher, distributor, etc. Law Book,
Date of publication, distribution, etc. 1954.
300 ## - PHYSICAL DESCRIPTION
Pagination lvi, 1056 p. :
Illustrations ill. ;
Size 26 cm.
504 ## - BIBLIOGRAPHY, ETC. NOTE
Bibliography, etc Includes Bibliography and Index
650 #0 - SUBJECT ADDED ENTRY--TOPICAL TERM
Topical term or geographic name as entry element Costs (Law)
Geographic subdivision India.
9 (RLIN) 134400
700 1# - ADDED ENTRY--PERSONAL NAME
Personal name Aiyar, Krishna Jagadisa,
Dates associated with a name 1885-
Relator term ed.
942 ## - ADDED ENTRY ELEMENTS (KOHA)
Source of classification or shelving scheme Dewey Decimal Classification
Koha item type Books
Holdings
Lost status Source of classification or shelving scheme Damaged status Not for loan Collection code Permanent Location Current Location Shelving location Date acquired Source of acquisition Cost, normal purchase price Total Checkouts Full call number Date last seen Copy number Koha item type
  Dewey Decimal Classification   Not For Loan Non-fiction Central Library, University of Rajshahi Central Library, University of Rajshahi Reading Room 12/07/1955 Law Book co. 20.00   347.54077 NAS 1954 08/05/2017 C-1 Books